Elección en las alcaldías 2002, ¿Una nueva esperanza democrática? /
Sábháilte in:
| Príomhchruthaitheoir: | |
|---|---|
| Rannpháirtithe: | |
| Formáid: | Téacs |
| Foilsithe / Cruthaithe: |
San José:
Fundación Friedrich Ebert
|
| Ábhair: | |
| Clibeanna: |
Cuir clib leis
Níl clibeanna ann, Bí ar an gcéad duine le clib a chur leis an taifead seo!
|
MARC
| LEADER | 00000 a a2200000 04500 | ||
|---|---|---|---|
| 001 | 33101 | ||
| 003 | |||
| 040 | |a CRAI/IIS |c CRAI/IIS | ||
| 020 | |a 9977-961-31-X | ||
| 090 | |a 206402 | ||
| 100 | |a Rodriguez Céspedes, Florisabel | ||
| 245 | |a Elección en las alcaldías 2002, ¿Una nueva esperanza democrática? / |c Florisabel Rodriguez Céspedes | ||
| 260 | |a San José: |b Fundación Friedrich Ebert | ||
| 300 | |a 145 p. | ||
| 650 | |a GOBIERNO LOCAL | ||
| 650 | |a ELECCIONES | ||
| 650 | |a DESCENTRALIZACION | ||
| 650 | |a CULTURA POLITICA | ||
| 650 | |a SISTEMAS ELECTORALES | ||
| 650 | |a DEMOCRACIA | ||
| 650 | |a COMPORTAMIENTO POLITICO | ||
| 650 | |a HISTORIA POLITICA | ||
| 650 | |a PARTIDOS POLITICOS | ||
| 650 | |a CRISIS POLITICA | ||
| 650 | |a PARTICIPACION POLITICA | ||
| 650 | |a COSTA RICA | ||
| 650 | |a GOBIERNO LOCAL | ||
| 650 | |a ELECCIONES | ||
| 650 | |a CONOCIMIENTO | ||
| 650 | |a DISTRIBUCION POR SEXO Y EDAD | ||
| 700 | |a ed. |a Zeledón Torres, Fernando |a ed. | ||
| 999 | |c 13629 |d 13629 | ||



